<?xml version="1.0" encoding="UTF-8"?>
<marc:record xmlns:marc="http://www.loc.gov/MARC21/slim">
   <marc:leader>00000nam a2200000 a 4500</marc:leader>
   <marc:datafield ind1="1" ind2=" " tag="100">
      <marc:subfield code="a">Schiekofer, Albrecht</marc:subfield>
      <marc:subfield code="4">ctb</marc:subfield>
      <marc:subfield code="e">Mitwirkende/-r</marc:subfield>
   </marc:datafield>
   <marc:datafield ind1=" " ind2=" " tag="653">
      <marc:subfield code="a">Softcover / Schule</marc:subfield>
   </marc:datafield>
   <marc:datafield ind1=" " ind2=" " tag="653">
      <marc:subfield code="a">Lernen/Lernhilfen</marc:subfield>
   </marc:datafield>
   <marc:datafield ind1=" " ind2=" " tag="653">
      <marc:subfield code="a">Abiturwissen/Grundschule</marc:subfield>
   </marc:datafield>
   <marc:datafield ind1="0" ind2="0" tag="245">
      <marc:subfield code="a">LÜK</marc:subfield>
   </marc:datafield>
   <marc:datafield ind1=" " ind2="1" tag="264">
      <marc:subfield code="a">Braunschweig</marc:subfield>
      <marc:subfield code="b">Westermann Lernspielverlage GmbH</marc:subfield>
      <marc:subfield code="c">2014</marc:subfield>
   </marc:datafield>
   <marc:datafield ind1="1" ind2=" " tag="520">
      <marc:subfield code="a">Angaben aus der Verlagsmeldung

LÜK : Sachunterricht, Erdkunde und Geschichte LÜK : Sachunterricht, Erdkunde und Geschichte / Diercke Europa: Welche Staaten gehören zu Europa? / von Albrecht Schiekofer

Kennst du dich in Europa aus? Wei&amp;szlig;t du, wie die Flagge Belgiens aussieht oder welches Nationalit&amp;auml;tenkennzeichen Ungarn hat? Wie viele Einwohner hat die T&amp;uuml;rkei, wie gro&amp;szlig; ist Frankreich? Wei&amp;szlig;t du, wo Schweden liegt? Kennst du ber&amp;uuml;hmte europ&amp;auml;ische Bauwerke? In welchem europ&amp;auml;ischen Land fanden bereits Olympische Spiele statt? Geh&amp;ouml;rt die Insel Kreta zur T&amp;uuml;rkei oder zu Griechenland? Kennst du die Fl&amp;uuml;sse und Gebirge Europas? Wie hei&amp;szlig;t die Hauptstadt von Litauen? In welchem Land liegt Ljubljana? Welche Mitgliedstaaten hat die Europ&amp;auml;ische Union?

Um alle oben genannten Fragen beantworten zu k&amp;ouml;nnen, hilft dir in diesem Heft eine Vielzahl abwechslungsreicher &amp;Uuml;bungsaufgaben, Europa auf spielerische Art kennenzulernen.
</marc:subfield>
   </marc:datafield>
   <marc:datafield ind1=" " ind2=" " tag="020">
      <marc:subfield code="a">9783837746570</marc:subfield>
      <marc:subfield code="9">9783837746570</marc:subfield>
   </marc:datafield>
   <marc:datafield ind1=" " ind2=" " tag="020">
      <marc:subfield code="a">3837746577</marc:subfield>
      <marc:subfield code="9">3837746577</marc:subfield>
   </marc:datafield>
   <marc:datafield ind1=" " ind2=" " tag="041">
      <marc:subfield code="a">ger</marc:subfield>
   </marc:datafield>
   <marc:datafield ind1=" " ind2=" " tag="300">
      <marc:subfield code="a">32 S.</marc:subfield>
   </marc:datafield>
</marc:record>
